[Event "Moscow op-E"]
[Site "Moscow"]
[Date "2011.02.04"]
[Round "7.182"]
[White "Skvortsov, Sergey"]
[Black "Kuleshov, Viktor"]
[Result "1-0"]
[WhiteElo "2078"]
[BlackElo "1885"]
[PlyCount "67"]
[EventDate "2011.01.29"]
[EventType "swiss"]
[EventRounds "9"]
[EventCountry "RUS"]
[SourceTitle "EXT 2022"]
[Source "ChessBase"]
[SourceDate "2021.10.06"]
[SourceVersion "1"]
[SourceVersionDate "2021.10.06"]
[SourceQuality "1"]

1. e4 e5 2. Nf3 Nc6 3. Bb5 a6 4. Bxc6 dxc6 5. 0-0 f6 6. d4 exd4 7. Nxd4 c5 8. Nb3 Qxd1 9. Rxd1 Bd7 10. Nc3 Bd6 11. Na5 0-0-0 12. Nc4 Be6 13. Nxd6+ cxd6 14. Bf4 Kc7 15. Rd2 Ne7 16. Rad1 Nc8 17. a4 b6 18. Nd5+ Kc6 19. b4 Rd7 20. Rb1 Re8 21. b5+ axb5 22. axb5+ Kb7 23. f3 f5 24. exf5 Bxf5 25. Rbd1 Re6 26. Bg3 g5 27. Kf2 g4 28. Ne3 Rf7 29. Nxf5 Rxf5 30. Bxd6 gxf3 31. gxf3 Ref6 32. Bg3 Rxf3+ 33. Kg2 Rf7 34. Rd7+ 1-0

[Event "Moscow op-E"]
[Site "Moscow"]
[Date "2011.02.02"]
[Round "5.198"]
[White "Bolshagin, Valery"]
[Black "Kuleshov, Viktor"]
[Result "0-1"]
[WhiteElo "2061"]
[BlackElo "1885"]
[PlyCount "60"]
[EventDate "2011.01.29"]
[EventType "swiss"]
[EventRounds "9"]
[EventCountry "RUS"]
[SourceTitle "EXT 2022"]
[Source "ChessBase"]
[SourceDate "2021.10.06"]
[SourceVersion "1"]
[SourceVersionDate "2021.10.06"]
[SourceQuality "1"]

1. e4 c5 2. Nf3 d6 3. Bb5+ Bd7 4. Bxd7+ Qxd7 5. 0-0 Nc6 6. c4 Nf6 7. Nc3 e6 8. d4 cxd4 9. Nxd4 Be7 10. f3 0-0 11. b3 Rac8 12. Bb2 Nxd4 13. Qxd4 d5 14. Qe5 dxc4 15. Rfd1 Qc6 16. Kh1 Qc5 17. Qg3 Rfd8 18. f4 b5 19. bxc4 Qxc4 20. h3 b4 21. Rxd8+ Rxd8 22. Nd1 Qc2 23. Qb3 Qxe4 24. Be5 Qe1+ 25. Kh2 Bc5 26. Ne3 Qxe3 27. Rd1 Rxd1 28. Qxd1 Nd5 29. Qa4 Qg1+ 30. Kg3 Qe1+ 0-1

[Event "Moscow op-E"]
[Site "Moscow"]
[Date "2011.01.29"]
[Round "1.149"]
[White "Chernov, Yury"]
[Black "Kuleshov, Viktor"]
[Result "1-0"]
[WhiteElo "2263"]
[BlackElo "1885"]
[PlyCount "63"]
[EventDate "2011.01.29"]
[EventType "swiss"]
[EventRounds "9"]
[EventCountry "RUS"]
[SourceTitle "EXT 2022"]
[Source "ChessBase"]
[SourceDate "2021.10.06"]
[SourceVersion "1"]
[SourceVersionDate "2021.10.06"]
[SourceQuality "1"]

1. e4 c5 2. Nc3 Nc6 3. f4 d6 4. Nf3 g6 5. g3 Bg7 6. Bg2 e6 7. 0-0 Nge7 8. d3 0-0 9. Be3 Nd4 10. Rb1 f5 11. Ne2 Nec6 12. c3 Nxe2+ 13. Qxe2 Bd7 14. e5 dxe5 15. Bxc5 Re8 16. fxe5 Rc8 17. Bd6 Bf8 18. Bxf8 Rxf8 19. d4 Ne7 20. c4 Bc6 21. Rfd1 Be4 22. Rbc1 Qa5 23. b3 Rfd8 24. Ng5 Bxg2 25. Qxg2 Qb6 26. Qh3 h5 27. Qh4 Rd7 28. Rd2 Nd5 29. Nf3 Qa5 30. Re1 Ne7 31. Qf6 Qb6 32. Ng5 1-0

[Event "Lipetsk op"]
[Site "Lipetsk"]
[Date "2010.06.28"]
[Round "6"]
[White "Minio, Tamara"]
[Black "Kuleshov, Viktor"]
[Result "0-1"]
[WhiteElo "1927"]
[BlackElo "1885"]
[PlyCount "56"]
[EventDate "2010.06.23"]
[EventType "swiss"]
[EventRounds "9"]
[EventCountry "RUS"]
[SourceTitle "CBM 137 Extra"]
[Source "ChessBase"]
[SourceDate "2010.09.01"]
[SourceVersion "1"]
[SourceVersionDate "2010.09.01"]
[SourceQuality "1"]

1. h3 e5 2. d3 Nf6 3. g4 h6 4. Bg2 Bc5 5. e3 Nc6 6. a3 d5 7. b4 Bb6 8. Bd2 0-0 9. c3 Re8 10. a4 a5 11. b5 Nb8 12. Qb3 d4 13. e4 dxc3 14. Bxc3 Qxd3 15. f3 Rd8 16. Nd2 Be6 17. Qb2 Qe3+ 18. Kd1 Qf2 19. Bf1 Qxf1+ 20. Kc2 Rxd2+ 21. Bxd2 Qg2 22. Rd1 Nbd7 23. h4 Nc5 24. Kb1 Qxh1 25. Qxe5 Rd8 26. g5 Rxd2 27. Rf1 Ba2+ 28. Kc1 Nb3# 0-1

[Event "Moscow op-B"]
[Site "Moscow"]
[Date "2009.11.20"]
[Round "1"]
[White "Kulagin, Maxim"]
[Black "Kuleshov, Viktor"]
[Result "1-0"]
[WhiteElo "2186"]
[BlackElo "1891"]
[PlyCount "67"]
[EventDate "2009.01.31"]
[EventType "swiss"]
[EventRounds "9"]
[EventCountry "RUS"]
[SourceTitle "EXT 2012"]
[Source "ChessBase"]
[SourceDate "2011.11.24"]
[SourceVersion "1"]
[SourceVersionDate "2011.11.24"]
[SourceQuality "1"]

1. e4 c5 2. a3 e6 3. b4 cxb4 4. axb4 d5 5. e5 Nc6 6. d4 Nxb4 7. c3 Nc6 8. Bd3 Nge7 9. Na3 Nf5 10. Qg4 h5 11. Qh3 Qa5 12. Bxf5 exf5 13. Ne2 Be6 14. 0-0 0-0-0 15. Qd3 a6 16. Bg5 Be7 17. Bxe7 Nxe7 18. c4 Kb8 19. c5 Kc8 20. Rfb1 Qc7 21. Rb6 Nc6 22. Rab1 Na5 23. Nb5 axb5 24. Qxb5 Bd7 25. Qxa5 Bc6 26. Qa7 Rh6 27. Nc3 Qb8 28. Qa5 Qc7 29. Qb4 f4 30. f3 Re6 31. Ra1 Qb8 32. Nb5 Bxb5 33. Qxb5 Qc7 34. Ra8+ 1-0

[Event "Moscow op-B"]
[Site "Moscow"]
[Date "2009.02.08"]
[Round "9"]
[White "Chapygin, Sergey"]
[Black "Kuleshov, Viktor"]
[Result "1-0"]
[WhiteElo "2085"]
[BlackElo "1891"]
[PlyCount "33"]
[EventDate "2009.01.31"]
[EventType "swiss"]
[EventRounds "9"]
[EventCountry "RUS"]
[SourceTitle "EXT 2012"]
[Source "ChessBase"]
[SourceDate "2011.11.24"]
[SourceVersion "1"]
[SourceVersionDate "2011.11.24"]
[SourceQuality "1"]

1. d4 Nf6 2. c4 e6 3. Nf3 b6 4. Nc3 Bb7 5. e3 Bb4 6. Bd3 Bxc3+ 7. bxc3 Ne4 8. Qc2 f5 9. Ba3 d6 10. 0-0-0 Nd7 11. Rhg1 Ndf6 12. h3 h5 13. Ne1 Qd7 14. f3 Ng3 15. h4 Rh6 16. Qf2 Rg6 17. Bc2 1-0

[Event "Moscow op-B"]
[Site "Moscow"]
[Date "2009.02.07"]
[Round "8"]
[White "Kuleshov, Viktor"]
[Black "Uteshev, Arsen"]
[Result "0-1"]
[WhiteElo "1891"]
[BlackElo "2141"]
[PlyCount "44"]
[EventDate "2009.01.31"]
[EventType "swiss"]
[EventRounds "9"]
[EventCountry "RUS"]
[SourceTitle "EXT 2012"]
[Source "ChessBase"]
[SourceDate "2011.11.24"]
[SourceVersion "1"]
[SourceVersionDate "2011.11.24"]
[SourceQuality "1"]

1. e4 e6 2. d4 c5 3. d5 exd5 4. exd5 d6 5. Nc3 g6 6. Nf3 Bg4 7. Bb5+ Nd7 8. 0-0 Bg7 9. Re1+ Kf8 10. h3 Bxf3 11. Qxf3 Ne5 12. Qg3 a6 13. Bf1 Nh6 14. Bg5 Qc7 15. Qf4 Nf5 16. Ne4 h6 17. Bf6 Bxf6 18. Nxf6 Qd8 19. Ne4 f6 20. c3 Kg7 21. Ng3 Qe7 22. Rad1 Rhf8 0-1

[Event "Moscow op-B"]
[Site "Moscow"]
[Date "2009.02.01"]
[Round "3"]
[White "Pugachevsky, Valery"]
[Black "Kuleshov, Viktor"]
[Result "1-0"]
[WhiteElo "1400"]
[BlackElo "1891"]
[PlyCount "67"]
[EventDate "2009.01.31"]
[EventType "swiss"]
[EventRounds "9"]
[EventCountry "RUS"]
[SourceTitle "EXT 2012"]
[Source "ChessBase"]
[SourceDate "2011.11.24"]
[SourceVersion "1"]
[SourceVersionDate "2011.11.24"]
[SourceQuality "1"]

1. d4 Nf6 2. c4 e6 3. Nc3 Bb4 4. e3 b6 5. Nge2 Ba6 6. a3 Bxc3+ 7. Nxc3 d5 8. b3 0-0 9. Be2 Nbd7 10. 0-0 dxc4 11. bxc4 e5 12. Bb2 exd4 13. Qxd4 Nc5 14. Nd5 Nb3 15. Qe5 Qd6 16. Qxd6 cxd6 17. Nxf6+ gxf6 18. Rad1 Rac8 19. Rxd6 Bxc4 20. Bxc4 Rxc4 21. Bxf6 Rc2 22. Rfd1 h6 23. h4 Nc5 24. R6d4 Ne6 25. Rg4+ Kh7 26. Rd7 h5 27. Rg3 a5 28. Be5 Kh6 29. Rd6 Rd8 30. Rxb6 Rd1+ 31. Kh2 Rxf2 32. Rb8 Nd8 33. Bf4+ Kh7 34. Rb5 1-0